Journal of Arab affairs

Detalles Bibliográficos
Autor Corporativo: Middle East Research Group
Formato: Electrónico Revista
Lenguaje:inglés
Publicado: Fresno, Calif. : Middle East Research Group, 1981-1993.
Materias:
Acceso en línea:Full text available from Research Library: 10/31/1981 to 10/31/1993

MARC

LEADER 00000nas a2200000 a 4500
001 ssj0037946
003 WaSeSS
005 20200512172242.0
006 m d
007 cr n
008 050822d19811993caufr pss 0 0eng c
010 |a  2009263193 
022 |y 0275-3588 
035 |a (WaSeSS)ssj0037946 
037 |b Middle East Research Group, 2611 N. Fresno St., Fresno, Calif. 93703 
040 |a OCLCS  |b eng  |c OCLCS  |d OCLCS  |d TXJ  |d TXA  |d OCLCQ  |d WAU  |d OCLCQ  |d OCLCO  |d OCLCF  |d OCLCQ  |d WaSeSS 
042 |a pcc 
043 |a ma----- 
050 1 4 |a DS36  |b .J68 
082 0 4 |a 909/.04927082 
130 0 |a Journal of Arab affairs (Online) 
245 1 0 |a Journal of Arab affairs  |h [electronic resource]. 
246 1 3 |a J. Arab aff 
260 |a Fresno, Calif. :  |b Middle East Research Group,  |c 1981-1993. 
310 |a Semiannual 
362 1 |a Print began with vol. 1, no. 1 (Oct. 1981); ceased with: vol. 12, no. 2 (fall 1993). 
506 |a License restrictions may limit access. 
538 |a Mode of access: World Wide Web. 
588 |a Description based on: Vol. 1, no. 1 (Oct. 1981); title from issue table of contents (ProQuest, viewed Aug. 31, 2009). 
588 |a Latest issue consulted: Vol. 12, no. 2 (fall 1993) (viewed Aug. 31, 2009). 
651 0 |a Arab countries  |v Periodicals. 
651 6 |a États arabes  |v Périodiques. 
651 7 |a Arab countries.  |2 fast  |0 (OCoLC)fst01240128 
655 0 |a Electronic journals. 
710 2 |a Middle East Research Group. 
776 0 8 |i Print version:  |t Journal of Arab affairs  |x 0275-3588  |w (DLC) 82645108  |w (OCoLC)7118804 
856 4 0 |z Full text available from Research Library: 10/31/1981 to 10/31/1993  |u https://search.proquest.com/publication/38021